000 00388nam a2200145Ia 4500
008 230917s9999||||xx |||||||||||||| ||und||
040 _e204640
_aMAIN
041 _aEnglish
082 _a823.09 N143F
100 _aNaik, N Shantha, ed.
245 0 _aFeminist psyche in world women hovelists
260 _aNew Delhi
_bSarup Book Publishers
_c2012
300 _avii, 263 p.
942 _cBK
999 _c171778
_d171778